World Cities Match-Up II Quiz Stats

Quiz Updated Mar 28, 2015

Challenge
Share
Tweet
Score 0/12 Timer 04:00
7 Plays Today
% Correct
London
93.8%
Auckland
81.8%
Zurich
80.8%
Cape Town
76.5%
Mumbai
74.4%
Cairo
71.7%
Athens
67.9%
Casablanca
59%
Baghdad
56.9%
Kyiv
49.7%
Istanbul
41.2%
Jerusalem
38.8%

You're not logged in!

Compare scores with friends on all Sporcle quizzes.
Join for Free
OR
Log In

You Might Also Like...

Show Comments

Extras

Top Quizzes Today


Score Distribution

Your Account Isn't Verified!

In order to create a playlist on Sporcle, you need to verify the email address you used during registration. Go to your Sporcle Settings to finish the process.

Report this User

Report this user for behavior that violates our Community Guidelines.

Details: